000 01684nam0a2200385 4500
001 RU\NLR\bibl\1000861
005 20260406135257.0
010 _a5-352-01541-6
_95000
021 _aRU
_b2006-54939
_92722
035 _a(nilc)RSL-KNO-002938859
035 _a(NLR Aleph) 000988576
090 _a504345
_c504345
100 _a20060920d2006 |||y0rusy50 ca
101 1 _arus
_cger
102 _aRU
105 _ay |||||||||
106 _ar
200 1 _aОстроумие и его отношение к бессознательному
_fЗигмунд Фрейд
_g[пер. с нем. Рудольфа Додельцева]
210 _aСанкт-Петербург
_cАзбука-классика
_d2006
215 _a283, [2] с.
_d18
225 1 _aАзбука-классика
320 _aДр. произведения авт. на 4-й с. обл.
606 1 _aОстроумие
_xПсихоанализ
_92135849
_3RU\NLR\auth\661287935
610 0 _aПсихология -- История психологии -- История психологии в Австрии -- История психологии в новейшее время -- Психоанализ (фрейдизм) -- Фрейд Зигмунд (1856-1939) - психолог
686 _aЮ91(4А)6-736Фрейд З.,0
_2rubbk
686 _aЮ935.131-4
686 _aЮ91(4А)6-736.1
700 1 _4070
_7ca
_8rus
_aФрейд
_bЗ.
_f1856-1939
_gЗигмунд
_9112631
_3RU\NLR\AUTH\772621
801 0 _aRU
_bРКП
_c20060920
_grcr
801 1 _aRU
_bРГБ
_c20060920
801 2 _aRU
_bNLR
_c20061024
_grcr
942 _cBOOK
980 _aNB